| 000 | 00489nam a2200169Ia 4500 | ||
|---|---|---|---|
| 999 |
_c21756 _d21756 |
||
| 003 | OSt | ||
| 005 | 20200624123536.0 | ||
| 008 | 190216s9999||||xx |||||||||||||| ||und|| | ||
| 040 | _coclc | ||
| 082 |
_a954.02 _bBOU/L |
||
| 100 |
_aBoulger, Demetrius C _93184 |
||
| 245 | 0 |
_aLord William Bentinck / _cDemetrius C Boulger |
|
| 260 |
_bCosmo Publications, _aNew Delhi: _c2004. |
||
| 300 | _a214p | ||
| 650 | _aHistory | ||
| 942 |
_cBK _2ddc _h954.02 _iBOU/L _k954.02 _mBOU/L |
||